| 000 | 00601nam a22002297a 4500 | ||
|---|---|---|---|
| 001 | 30805 | ||
| 003 | UA-OsUOA | ||
| 005 | 20220624215624.0 | ||
| 007 | ta | ||
| 008 | 20041115b un ||||| |||| 00| 0 ukr d | ||
| 040 |
_aUA-OsUOA _brus _cUA-OsUOA _dUA-OsUOA |
||
| 041 | _arus | ||
| 044 | _aRU | ||
| 080 | _a82.09(47+57) | ||
| 090 |
_a82.09(47+57) _bД38 |
||
| 245 |
_aДетская литература. 1980 _cоформл. В. Андреенкова |
||
| 260 |
_aМосква _bДетская литература _c1980 |
||
| 300 | _a128 с. | ||
| 650 | 7 | _2UDC | |
| 942 |
_cBK _2udc |
||
| 955 | _a0 | ||
| 999 |
_c317220 _d317220 |
||